El Poder y las Sombras : (Record no. 23086)

000 -CABECERA
fixed length control field 00963nas a22002657i 4500
003 - IDENTIFICADOR DEL NÚMERO DE CONTROL
control field AR-CdUCM
008 - DATOS DE LONGITUD FIJA--INFORMACIÓN GENERAL
fixed length control field 241004b20162016 pe||||| |||| 00| 0 spa d
040 ## - FUENTE DE LA CATALOGACIÓN
Agencia/entidad que catalogó originalmente la obra MUNICIPALIDAD PROVINCIAL DEL CUSCO
Entidad que transcribió la catalogación BIBLIOTECA MUNICIPAL DEL CUSCO
082 ## - NÚMERO DE LA CLASIFICACIÓN DECIMAL DEWEY
No. de Clasificación 079.8 / T35
Notacion interna T35
100 ## - ENTRADA PRINCIPAL--NOMBRE DE PERSONA
Nombre Personal Tello, María del Pilar
245 ## - MENCIÓN DE TÍTULO
Título El Poder y las Sombras :
Resto del título Hacia el equilibrio político mediático /
260 ## - PUBLICACIÓN, DISTRIBUCIÓN, ETC.
Lugar de publicación, distribución, etc. Lima :
Nombre de la editorial, distribuidor, etc. Fondo Editorial del Congreso del Perú
Fecha de publicación, distribución, etc. 2016
300 ## - DESCRIPCIÓN FÍSICA
Nº de Páginas Extensión 659 páginas
Dimensiones 24x15 cm.
500 ## - NOTA GENERAL
Bibliografía Bibliografía: 635-660 páginas
505 ## - NOTA DE CONTENIDO CON FORMATO
Nota de contenido formateada Periodismo arma de doble filo -- Derecho de información -- Prensa corrupción -- Telecomunicación
650 ## - PUNTO DE ACCESO ADICIONAL DE MATERIA--TÉRMINO DE MATERIA
Descriptor Información
9 (RLIN) 23515
650 ## - PUNTO DE ACCESO ADICIONAL DE MATERIA--TÉRMINO DE MATERIA
Descriptor Poder
9 (RLIN) 4273
650 ## - PUNTO DE ACCESO ADICIONAL DE MATERIA--TÉRMINO DE MATERIA
Descriptor Libertad de expresión
9 (RLIN) 41496
650 ## - PUNTO DE ACCESO ADICIONAL DE MATERIA--TÉRMINO DE MATERIA
Descriptor Medios públicos
9 (RLIN) 50696
650 ## - PUNTO DE ACCESO ADICIONAL DE MATERIA--TÉRMINO DE MATERIA
Descriptor Corrupción y poder
9 (RLIN) 50697
856 ## - LOCALIZACIÓN Y ACCESO ELECTRÓNICOS
Dirección electrónica www.congreso.gob.pe
942 ## - ELEMENTOS DE PUNTO DE ACCESO ADICIONAL (KOHA)
Fuente de clasificación
Tipo de item Libros-BMC
945 ## - PROCESAMIENTO DE INFORMACIÓN LOCAL (OCLC)
Catalogador pbj
AAAA-MM-DD - Fecha de ingreso o modificacion 04/10/2026
Holdings
Estado de retiro (separado) Fuente de clasificación o esquema de estanterías Estado dañado Ubicación Sala donde se ubica Nombre de la colección Fecha de adquisición o compra Fuente de adquisición Costo, precio normal en soles Signatura topográfica Código de Barras Última vez visto (Koha) Tipo de ítem (Koha)
No     Sala Humanidades Sala Humanidades Book Cart 2024-10-04 Donación 30.00 079.8 / T35 SH0000016819 2024-10-04 Libros-BMC

Powered by Koha